Business Management: (Record no. 1380)

MARC details
000 -LEADER
fixed length control field 00669nam a22002057a 4500
003 - CONTROL NUMBER IDENTIFIER
control field OSt
005 - DATE AND TIME OF LATEST TRANSACTION
control field 20240708132220.0
008 - FIXED-LENGTH DATA ELEMENTS--GENERAL INFORMATION
fixed length control field 240708b |||||||| |||| 00| 0 eng d
040 ## - CATALOGING SOURCE
Original cataloging agency KMU
Language of cataloging eng
Transcribing agency KMU
Modifying agency KMU
Description conventions rda
050 ## - LIBRARY OF CONGRESS CALL NUMBER
Classification number HD31 .L628
Item number .L628 2014
100 ## - MAIN ENTRY--PERSONAL NAME
Personal name Lomine, Loykie; Muchena, Martin and Pierce Robert A
245 ## - TITLE STATEMENT
Title Business Management:
Remainder of title Course Companion/
Statement of responsibility, etc. Loykie Lomine, Martin Muchena and Robert A. Pierce.
250 ## - EDITION STATEMENT
Edition statement 2014 edition
260 ## - PUBLICATION, DISTRIBUTION, ETC.
Place of publication, distribution, etc. Oxford:
Name of publisher, distributor, etc. Oxford University Press,
Date of publication, distribution, etc. 2014.
300 ## - PHYSICAL DESCRIPTION
Extent vi, 417p.:
Other physical details ill, chiefly col;
Dimensions 27 cm.
500 ## - GENERAL NOTE
General note inc
504 ## - BIBLIOGRAPHY, ETC. NOTE
Bibliography, etc. note includes an index.
650 ## - SUBJECT ADDED ENTRY--TOPICAL TERM
Topical term or geographic name entry element Business
942 ## - ADDED ENTRY ELEMENTS (KOHA)
Source of classification or shelving scheme Library of Congress Classification
Koha item type Non-Fiction
Edition 2014 edition
Suppress in OPAC No
Holdings
Withdrawn status Lost status Source of classification or shelving scheme Damaged status Not for loan Collection Home library Current library Shelving location Date acquired Source of acquisition Total Checkouts Full call number Barcode Date last seen Date last checked out Price effective from Koha item type
    Library of Congress Classification     Non-fiction Kapasa Makasa University Kapasa Makasa University Open Access 08.07.2024 Book Aid International 1 HD31.L628 Lom 300861 31.10.2024 17.09.2024 08.07.2024 Non-Fiction